|
|
|
|
| LEADER |
01008cam a2200289 7i4500 |
| 001 |
0000020132 |
| 005 |
20190613090000.0 |
| 008 |
080606 eng |
| 020 |
|
|
|a 0073309206 (hbk.)
|
| 020 |
|
|
|a 9780073309200
|
| 020 |
|
|
|a 0072938447 (hbk.)
|
| 020 |
|
|
|a 9780072938449
|
| 040 |
|
|
|a OhCoOLI
|
| 090 |
0 |
0 |
|a TA357
|b .W46 2008
|
| 100 |
1 |
|
|a White, Frank M
|
| 245 |
1 |
0 |
|a Fluid mechanics
|c Frank M. White.
|
| 250 |
|
|
|a 6th ed.
|
| 260 |
|
|
|a Boston:
|b McGraw-Hill/Higher Education,
|c 2008.
|
| 300 |
|
|
|a xiii, 864 p.:
|b ill.;
|c 25 cm..
|
| 490 |
0 |
|
|a McGraw-Hill series in mechanical engineering
|
| 500 |
|
|
|a Includes index
|
| 501 |
|
|
|a With DVD : Student resource DVD : Fluid mechanics
|
| 650 |
0 |
0 |
|a Fluid mechanics
|
| 997 |
|
|
|a Engineering & Life Sciences, Faculty
|b Engineering, Department
|
| 998 |
|
|
|a Mechanical Engineering, Degree
|
| 999 |
|
|
|a 0000031236
|b BOK
|c OPEN SHELF
|e 1st Floor, Bestari Jaya
|
| 999 |
|
|
|a DVD0000212
|b DVD-ROM
|c OPEN SHELF
|e Circulation Counter, Bestari Jaya
|